|
|
|
|
| LEADER |
01012cam a2200229 i 4500 |
| 008 |
790425s1979 nyu 000 1 eng |
| 010 |
|
|
|a 79013503
|
| 020 |
|
|
|a 039912425X
|
| 051 |
|
|
|a PS3552.A75
|b L4 1979b
|c Another issue. With prefixed leaf stating "Of the first edition ... five hundred copies, specially bound, have been numbered and signed by the author." LC has copy no. 315.
|
| 082 |
0 |
0 |
|a 813/.5/4
|
| 100 |
1 |
|
|a Barth, John,
|
| 245 |
1 |
0 |
|a Letters :
|b a novel /
|c John Barth.
|
| 260 |
|
|
|a New York :
|b Putnam,
|c c1979.
|
| 300 |
|
|
|a xv, 772 p. ;
|c 24 cm.
|
| 500 |
|
|
|a "An old time epistolary novel by seven fictitious drolls & dreamers, each of which imagines himself actual."
|
| 650 |
|
0 |
|a Imaginary letters.
|
| 655 |
|
7 |
|a Epistolary fiction.
|2 gsafd
|
| 906 |
|
|
|a 7
|b cbc
|c orignew
|d 1
|e ocip
|f 19
|g y-gencatlg
|
| 942 |
|
|
|c BK
|
| 984 |
|
|
|a gsl
|
| 999 |
|
|
|c 196703
|d 196703
|
| 952 |
|
|
|0 0
|1 0
|4 0
|6 813_540000000000000_BAR_L
|7 0
|9 217399
|a ENG
|b ENG
|c ST1
|d 2013-07-11
|i 12917
|l 0
|o 813.54 BAR/L
|p ENG12917
|r 2013-07-11
|w 2018-08-21
|y BK
|